000 00260nas a2200109 4500
005 20241231090239.0
008 210920b ||||| |||| 00| 0 eng d
040 _c
245 _aTushara
260 _aT Satish U Pai, Manipala
_bDec 2020
942 _2ddc
_cPR
_s1
999 _c216295
_d216295